Never Say Die Black Ops XL III Quiz - Statistics

General Stats
  • This quiz has been taken 3 times
  • The average score is 6 of 10
Answer Stats
Artist Song % Correct
Veer Dysfunction
100%
Knoir EMUU
100%
Syzy Yakisoba
100%
Akeos Radio Wave 3-46
67%
NEONIX Spacewalk
67%
Akeos & JOOL Voltage Disk
67%
Guillotine Apex
33%
BLVNKSPVCE Computer Milk
33%
Aweminus Intagalactic
33%
Akeos Starbow Break
33%
No matching quizzes found
Score Distribution
Percent of People with Each Score
Percentile by Number Answered
Your Score History
You have not taken this quiz